| 000 | 00584nam a22001937a 4500 | ||
|---|---|---|---|
| 999 |
_c171085 _d171085 |
||
| 005 | 20200106131737.0 | ||
| 010 | _a543668 | ||
| 020 |
_c3.00 _a- |
||
| 035 | _a543668 | ||
| 037 |
_bDBAD/PUB _a- |
||
| 082 | _a841 | ||
| 100 | _aز بير ر ضو ی | ||
| 245 |
_aلہر لہر ند يا گہر ی _cز بير ر ضو ی |
||
| 246 |
_bLehar Lehar Nadia Gehri (Urdu) _aby Zuber Rizvi |
||
| 260 |
_aDelhi _bMaktaba Saba _c1957 ء |
||
| 270 |
_aMaktaba Saba Turakman Gate, _bDelhi _e6 _k- _l- |
||
| 300 |
_a144 ص _c22 Cm(Hb) |
||
| 942 |
_2ddc _cUR _h841 _mر ض و |
||